Luyện thi trắc nghiệm môn vật lý : 600 câu trắc nghiệm vật lý /

Dao động cơ học; Sóng cơ học - âm học; Dao động điện - dòng điện xoay chiều; Dao động điện từ - sóng điện từ; Sự phản xạ và sự khúc xạ ánh sáng; Mắt và các dụng cụ quang học; Tính chất sóng của ánh sáng; Lượng tử ánh sáng; Vật lý ánh sáng....

Ausführliche Beschreibung

Gespeichert in:
Bibliographische Detailangaben
1. Verfasser: Nguyễn Văn Phùng.
Weitere Verfasser: Nguyễn Tiến Bình.
Format: Buch
Sprache:Vietnamese
Veröffentlicht: Đà Nẵng : Nxb Đà Nẵng, 2002.
Schlagworte:
Tags: Tag hinzufügen
Keine Tags, Fügen Sie den ersten Tag hinzu!
Thư viện lưu trữ: Mạng thư viện Đại học Đà Nẵng
LEADER 01567cam a2200373 a 4500
001 000045022
003 4133
005 20060417102835.0
008 010308b2002 vm 000 vie
020 |c 14500 
040 |a LRC  |c LRC  |d LRC 
041 0 |a vie 
082 1 4 |a 530  |b NG-P 
100 1 |a Nguyễn Văn Phùng. 
245 1 0 |a Luyện thi trắc nghiệm môn vật lý :  |b 600 câu trắc nghiệm vật lý /  |c Nguyễn Văn Phùng, Nguyễn Tiến Bình. 
260 |a Đà Nẵng :  |b Nxb Đà Nẵng,  |c 2002. 
300 |a 207 tr. :  |b mh. ;  |c 20,5 cm. 
500 |a Dành cho học sinh lớp 10-11-12 LTĐH. 
520 3 |a Dao động cơ học; Sóng cơ học - âm học; Dao động điện - dòng điện xoay chiều; Dao động điện từ - sóng điện từ; Sự phản xạ và sự khúc xạ ánh sáng; Mắt và các dụng cụ quang học; Tính chất sóng của ánh sáng; Lượng tử ánh sáng; Vật lý ánh sáng. 
630 0 4 |a Vật lý học. 
650 0 4 |a Vật lý học  |x Trắc nghiệm. 
700 1 |a Nguyễn Tiến Bình. 
OWN |a DUT 
AVA |a UDN50  |b DUT  |c Book  |d 530 NG-P  |e available  |t Error 5001 Not defined in file expand_doc_bib_avail.  |f 6  |g 0  |h N  |i 0  |j SH  |k 1 
999 |a From the UDN01 
AVA |a UDN50  |b DUT  |c Book  |d 530 NG-P  |e available  |t Error 5001 Not defined in file expand_doc_bib_avail.  |f 6  |g 0  |h N  |i 0  |j SH  |k 1 
TYP |a Monograph 
TYP |a Printed language 
980 |a Mạng thư viện Đại học Đà Nẵng